000 00692cam a2200241 i 4500
001 1760691
003 OSt
005 20140311134812.0
008 760227s1976 ksua 000 0 eng
010 _a 76006099
020 _a0380538199
_c$5.95
040 _aDLC
_cDLC
_dDLC
050 0 0 _aPS 3562
_b.L864 1976
082 0 0 _aM 813.54
_bL88 1976
100 1 _aLopez, Barry Holstun,
_d1945-
245 1 0 _aDesert notes :
_breflections in the eye of a raven /
_cLopez, Barry Holstun
260 _aNew York :
_bAvon Books,
_cc1976.
300 _a89 p. :
_bill. ;
_c22 cm.
650 0 _aDeserts.
906 _a7
_bcbc
_corignew
_d1
_eocip
_f19
_gy-gencatlg
942 _2lcc
_cBK
_kM
999 _c35834
_d35834